000 00387nam a2200133Ia 4500
008 220217s9999||||xx |||||||||||||| ||und||
020 _a81-7808-906-8
082 _a620.011 511 3 YEN
100 _aYen, John Langari, Reza
245 0 _aFuzzy logic: inteligence controle and information
260 _aPearson education asia
_bDelhi
_c2003
300 _b225
650 _aMATHEMATICS
999 _c171021
_d171021